Alle Städte Hessens - Statistiken

Allgemein
  • Dieses Quiz wurde 1.203 mal gespielt
    1.026 seit der letzten Aktualisierung
  • Das Durchschnittsergebnis liegt bei 85 aus 191
Antwortstatistiken
Rang Einwohner Antwort Landkreis % Korrekt
1 763.380 Frankfurt am Main kreisfrei
99%
3 202.137 Kassel kreisfrei
98%
2 278.474 Wiesbaden kreisfrei
98%
7 89.802 Gießen Gießen
97%
5 130.280 Offenbach am Main kreisfrei
97%
4 159.878 Darmstadt kreisfrei
96%
9 68.635 Fulda Fulda
95%
8 77.129 Marburg Marburg-Biedenkopf
94%
6 96.492 Hanau Main-Kinzig-Kreis
91%
21 35.514 Limburg an der Lahn Limburg-Weilburg
88%
10 65.881 Rüsselsheim am Main Groß-Gerau
82%
12 52.955 Wetzlar Lahn-Dill-Kreis
82%
40 25.559 Groß-Gerau Groß-Gerau
81%
11 54.227 Bad Homburg vor der Höhe Hochtaunuskreis
79%
84 15.566 Dieburg Darmstadt-Dieburg
75%
29 29.944 Bad Hersfeld Hersfeld-Rotenburg
74%
30 29.401 Friedberg (Hessen) Wetteraukreis
69%
38 26.097 Heppenheim (Bergstraße) Bergstraße
69%
19 38.229 Langen (Hessen) Offenbach
68%
68 17.689 Frankenberg (Eder) Waldeck-Frankenberg
67%
14 45.719 Rodgau Offenbach
67%
25 34.216 Bad Vilbel Wetteraukreis
66%
27 32.447 Bad Nauheim Wetteraukreis
65%
34 27.755 Baunatal Kassel
65%
16 40.756 Bensheim Bergstraße
65%
15 42.102 Dreieich Offenbach
65%
18 39.553 Maintal Main-Kinzig-Kreis
65%
112 12.973 Weilburg Limburg-Weilburg
65%
13 46.545 Oberursel (Taunus) Hochtaunuskreis
64%
20 38.105 Neu-Isenburg Offenbach
63%
49 22.855 Bad Soden am Taunus Main-Taunus-Kreis
62%
17 39.647 Hofheim am Taunus Main-Taunus-Kreis
62%
108 13.588 Biedenkopf Marburg-Biedenkopf
61%
37 26.432 Butzbach Wetteraukreis
61%
24 34.298 Dietzenbach Offenbach
60%
47 23.209 Dillenburg Lahn-Dill-Kreis
60%
48 23.202 Gelnhausen Main-Kinzig-Kreis
60%
93 14.555 Rotenburg an der Fulda Hersfeld-Rotenburg
60%
154 6.742 Waldeck Waldeck-Frankenberg
60%
46 23.458 Korbach Waldeck-Frankenberg
59%
132 9.949 Rüdesheim am Rhein Rheingau-Taunus-Kreis
59%
28 30.050 Taunusstein Rheingau-Taunus-Kreis
59%
22 34.891 Mörfelden-Walldorf Groß-Gerau
57%
60 19.412 Eschwege Werra-Meißner-Kreis
56%
92 14.733 Fritzlar Schwalm-Eder-Kreis
55%
43 24.997 Idstein Rheingau-Taunus-Kreis
55%
75 16.722 Königstein im Taunus Hochtaunuskreis
55%
81 16.037 Alsfeld Vogelsbergkreis
54%
35 27.674 Hattersheim am Main Main-Taunus-Kreis
54%
26 32.598 Lampertheim Bergstraße
54%
32 28.652 Mühlheim am Main Offenbach
54%
23 34.315 Viernheim Bergstraße
54%
33 28.249 Rödermark Offenbach
53%
66 18.019 Schwalmstadt Schwalm-Eder-Kreis
53%
50 22.436 Büdingen Wetteraukreis
52%
42 25.096 Pfungstadt Darmstadt-Dieburg
52%
39 26.052 Weiterstadt Darmstadt-Dieburg
52%
72 16.971 Eltville am Rhein Rheingau-Taunus-Kreis
51%
41 25.234 Friedrichsdorf Hochtaunuskreis
51%
82 16.007 Michelstadt Odenwaldkreis
51%
36 27.473 Griesheim Darmstadt-Dieburg
50%
44 24.982 Obertshausen Offenbach
50%
69 17.264 Bad Wildungen Waldeck-Frankenberg
49%
53 21.609 Eschborn Main-Taunus-Kreis
49%
63 18.255 Kronberg am Taunus Hochtaunuskreis
49%
99 13.795 Lich Gießen
49%
70 17.203 Nidda Wetteraukreis
49%
55 21.267 Seligenstadt Offenbach
49%
54 21.391 Stadtallendorf Marburg-Biedenkopf
49%
101 13.697 Erbach Odenwaldkreis
48%
58 20.543 Herborn Lahn-Dill-Kreis
48%
51 22.436 Karben Wetteraukreis
48%
31 29.075 Kelkheim (Taunus) Main-Taunus-Kreis
48%
103 13.689 Melsungen Schwalm-Eder-Kreis
48%
130 10.172 Bad Orb Main-Kinzig-Kreis
47%
98 13.934 Bebra Hersfeld-Rotenburg
47%
71 17.029 Kelsterbach Groß-Gerau
47%
91 14.743 Usingen Hochtaunuskreis
47%
95 14.221 Bad Camberg Limburg-Weilburg
45%
67 17.945 Hochheim am Main Main-Taunus-Kreis
45%
100 13.703 Lorsch Bergstraße
45%
52 21.659 Flörsheim am Main Main-Taunus-Kreis
44%
122 11.191 Bad Schwalbach Rheingau-Taunus-Kreis
43%
62 18.956 Heusenstamm Offenbach
43%
107 13.612 Lauterbach (Hessen) Vogelsbergkreis
43%
83 15.894 Schlüchtern Main-Kinzig-Kreis
43%
90 15.126 Witzenhausen Werra-Meißner-Kreis
43%
85 15.382 Bad Arolsen Waldeck-Frankenberg
42%
97 14.001 Homberg (Efze) Schwalm-Eder-Kreis
42%
76 16.616 Hünfeld Fulda
42%
45 23.801 Riedstadt Groß-Gerau
42%
57 20.601 Nidderau Main-Kinzig-Kreis
41%
131 10.073 Schotten Vogelsbergkreis
41%
113 12.640 Wächtersbach Main-Kinzig-Kreis
41%
56 21.251 Groß-Umstadt Darmstadt-Dieburg
40%
61 19.382 Haiger Lahn-Dill-Kreis
40%
110 13.091 Linden Gießen
40%
133 9.945 Neustadt (Hessen) Marburg-Biedenkopf
40%
59 20.471 Bruchköbel Main-Kinzig-Kreis
39%
106 13.612 Grünberg (Hessen) Gießen
39%
96 14.127 Langenselbold Main-Kinzig-Kreis
39%
127 10.309 Lollar Gießen
39%
79 16.312 Raunheim Groß-Gerau
39%
141 8.803 Wetter (Hessen) Marburg-Biedenkopf
39%
104 13.682 Aßlar Lahn-Dill-Kreis
38%
94 14.501 Neu-Anspach Hochtaunuskreis
38%
135 9.759 Bad König Odenwaldkreis
37%
123 10.934 Braunfels Lahn-Dill-Kreis
37%
102 13.692 Eppstein Main-Taunus-Kreis
37%
87 15.268 Hofgeismar Kassel
37%
147 7.427 Homberg (Ohm) Vogelsbergkreis
37%
105 13.672 Solms Lahn-Dill-Kreis
37%
118 12.431 Hessisch Lichtenau Werra-Meißner-Kreis
36%
115 12.596 Hungen Gießen
36%
80 16.290 Kirchhain Marburg-Biedenkopf
36%
120 11.849 Oestrich-Winkel Rheingau-Taunus-Kreis
36%
86 15.300 Schwalbach am Taunus Main-Taunus-Kreis
36%
129 10.190 Steinau an der Straße Main-Kinzig-Kreis
36%
73 16.940 Babenhausen Darmstadt-Dieburg
35%
77 16.453 Bürstadt Bergstraße
35%
121 11.634 Geisenheim Rheingau-Taunus-Kreis
35%
74 16.854 Ginsheim-Gustavsburg Groß-Gerau
35%
180 3.798 Lorch Rheingau-Taunus-Kreis
35%
137 9.702 Schlitz Vogelsbergkreis
35%
145 7.826 Sontra Werra-Meißner-Kreis
35%
64 18.207 Vellmar Kassel
35%
149 7.213 Zwingenberg Bergstraße
35%
177 4.067 Allendorf (Lumda) Gießen
34%
181 3.644 Bad Karlshafen Kassel
34%
143 8.631 Bad Sooden-Allendorf Werra-Meißner-Kreis
34%
114 12.610 Borken (Hesen) Schwalm-Eder-Kreis
34%
162 5.460 Gersfeld (Rhön) Fulda
34%
125 10.665 Steinbach (Taunus) Hochtaunuskreis
34%
126 10.558 Gernsheim Groß-Gerau
33%
117 12.528 Hadamar Limburg-Weilburg
33%
134 9.828 Niddatal Wetteraukreis
32%
65 18.138 Pohlheim Gießen
32%
111 13.022 Wolfhagen Kassel
32%
88 15.187 Erlensee Main-Kinzig-Kreis
31%
159 5.777 Münzenberg Wetteraukreis
31%
78 16.416 Reinheim Darmstadt-Dieburg
31%
163 5.325 Battenberg (Eder) Waldeck-Frankenberg
30%
165 5.203 Diemelstadt Waldeck-Frankenberg
30%
148 7.277 Gedern Wetteraukreis
30%
119 12.264 Gladenbach Marburg-Biedenkopf
30%
173 4.405 Tann (Rhön) Fulda
30%
153 6.746 Volkmarsen Waldeck-Frankenberg
30%
109 13.439 Bad Soden-Salmünster Main-Kinzig-Kreis
29%
89 15.166 Ober-Ramstadt Darmstadt-Dieburg
28%
191 1.159 Schwarzenborn Schwalm-Eder-Kreis
28%
167 5.047 Amöneburg Marburg-Biedenkopf
27%
142 8.799 Florstadt Wetteraukreis
27%
160 5.749 Leun Lahn-Dill-Kreis
27%
139 9.343 Runkel Limburg-Weilburg
27%
138 9.598 Laubach Gießen
26%
152 6.946 Neukirchen Schwalm-Eder-Kreis
26%
128 10.194 Oberzent Odenwaldkreis
26%
140 8.970 Ortenberg Wetteraukreis
26%
155 6.706 Reichelsheim (Wetterau) Wetteraukreis
26%
158 6.046 Spangenberg Schwalm-Eder-Kreis
26%
144 8.471 Staufenberg Gießen
26%
185 2.946 Ulrichstein Vogelsbergkreis
26%
175 4.174 Wanfried Werra-Meißner-Kreis
26%
150 7.153 Heringen (Werra) Hersfeld-Rotenburg
25%
116 12.565 Rosbach vor der Höhe Wetteraukreis
25%
169 4.892 Trendelberg Kassel
25%
146 7.430 Breuberg Odenwaldkreis
24%
124 10.669 Felsberg Schwalm-Eder-Kreis
24%
187 2.902 Frankenau Waldeck-Frankenberg
24%
179 3.830 Gemünden (Wohra) Waldeck-Frankenberg
24%
182 3.455 Hirschhorn (Neckar) Bergstraße
24%
178 3.860 Neckarsteinach Bergstraße
24%
157 6.408 Großalmerode Werra-Meißner-Kreis
23%
171 4.656 Groß-Bieberau Darmstadt-Dieburg
23%
136 9.710 Gudensberg Schwalm-Eder-Kreis
23%
170 4.692 Herbstein Vogelsbergkreis
23%
166 5.105 Lindenfels Bergstraße
23%
168 5.026 Naumburg Kassel
23%
156 6.572 Zierenberg Kassel
23%
190 2.165 Rosenthal Waldeck-Frankenberg
22%
186 2.940 Hatzfeld (Eder) Waldeck-Frankenberg
21%
151 7.053 Immenhausen Kassel
21%
183 3.150 Kirtorf Vogelsbergkreis
21%
172 4.408 Rauschenberg Marburg-Biedenkopf
21%
188 2.627 Romrod Vogelsbergkreis
21%
174 4.234 Waldkappel Werra-Meißner-Kreis
21%
164 5.299 Niedenstein Schwalm-Eder-Kreis
20%
189 2.381 Grebenau Vogelsbergkreis
19%
161 5.730 Grebenstein Kassel
19%
176 4.100 Lichtenfels Waldeck-Frankenberg
19%
184 3.005 Liebenau Kassel
19%
Keine übereinstimmenden Quizze gefunden
Verteilung der Resultate
Anzahl Personen mit jedem Resultat
Perzentil nach korrekt beantworteten Fragen
Ihre Resultats-Entwicklung
Sie haben dieses Quiz seit der letzten Aktualisierung nicht gespielt